00471nam a2200193 a 4500001001300000003000900013005001700022008004100039020001000080082001500090100001700105245002100122260003800143300000900181500003500190505001000225650002500235700001700260nice12345678IN_TiNIC20260116012125.0050524s1913 mana grp 000 0 eng  ac10000a275.4bZAL aZaleski, L M aMartyrs of India aMangalorebCodialbail Pressc1913 a258p aincludes index and biblioraphy2 aIndex aChurch-History India1 aZaleski, L M